| 000 | 00433nam a2200181Ia 4500 | ||
|---|---|---|---|
| 003 | LK-CoDNM | ||
| 005 | 20240425111035.0 | ||
| 008 | 010623t1951 xxu||||| |||| 00| 1 sin d | ||
| 040 |
_aLK-CoDNM _dLK-CoDNM _eLK-CoDNM |
||
| 041 | _asin | ||
| 080 | _aජ97 | ||
| 245 | _aශ්රි ලංකා | ||
| 246 | _aSri Lanka | ||
| 260 |
_bS.U.Toosant _aColombo _c1951 |
||
| 300 | _b30P.,27 cm | ||
| 650 | _aIndustrys | ||
| 942 | _cBK | ||
| 999 |
_c102380 _d102380 |
||